| 000 | 01186nam a2200253 i 4500 | ||
|---|---|---|---|
| 001 | 153500 | ||
| 003 | ES-MaACL | ||
| 005 | 20250812073930.0 | ||
| 008 | 951113s1869 sp |||| | spa d | ||
| 080 | _a7:5/6(04) | ||
| 245 | 0 | 0 | _aDiscursos leídos ante la Academia de Ciencias Exactas, Físicas y Naturales en la recepción pública del Sr. D. Eduardo Saavedra el día 27 de junio de 1869. |
| 260 |
_aMadrid : _b[s.n.], _c1869 ( _fViuda de Aguado e Hijo) |
||
| 300 |
_a44 p. ; _c26 cm. |
||
| 530 | _aDisponible en formato digital. | ||
| 594 | _aRecoge el discurso de Eduardo Saavedra y el discurso de contestación de José Echegaray. | ||
| 650 | 7 |
_aArte y ciencia _2embne _910329 |
|
| 700 | 1 |
_aSaavedra, Eduardo, _d1829-1912 _9101132 |
|
| 700 | 1 |
_aEchegaray, José, _d1832-1916 _946526 |
|
| 710 | 2 |
_aReal Academia de Ciencias Exactas, Físicas y Naturales de España. _9175635 |
|
| 852 | 4 |
_aES-MaACL _jT-102-F-4 _z- Enc. hol. _z- Enc. en un vol. facticio |
|
| 852 | 4 |
_aES-MaACL _jT-97-F-10 _z- Enc. hol. _z- Enc. en un vol. facticio |
|
| 856 | 4 |
_uhttp://bdh-rd.bne.es/viewer.vm?id=0000090023&page=1 _zBiblioteca Digital Hispánica |
|
| 999 |
_c153500 _d153500 |
||